LEADER 01389nam a2200337 a 4500 001 000000082515 003 CaOOAMICUS 005 20110415165409.0 008 050414s2005 it u000 u ita r 020 $a883152741X 035 $a11039252 040 $aPUL$bita 041 1 $aita$hlat$hgrc 082 04$a220.7 130 0 $aBiblia.$pN.T.$pAd Hebraeos.$lItaliano.$0(OLS)http://pul/title/32747 245 10$aLettera agli Ebrei /$cnuova versione, introduzione e commento di Cesare Marcheselli-Casale. 260 $aMilano :$bPaoline,$cc2005. 300 $a827 p. ;$c24 cm 490 1 $aI libri biblici. Nuovo Testamento ;$v16 500 $aInclude indici. 504 $aBibliografia : p.[759]-807. 630 04$aBiblia.$pN.T.$pAd Hebraeos$xCommenti.$0(OLS)http://pul/subject/14459 700 1 $aMarcheselli-Casale, Cesare.$0(OLS)http://pul/name/15698 830 2$aI libri biblici.$pNuovo Testamento ;$v16.$0(OLS)http://pul/title/66327 850 $aPUL 852 $aPUL$W1$xSL Religione 3$y85$m220. 7 COLL 2.16$j105121$nBK-PRI$qDDC 21$B105121$CPULBib$Z2$F105121 $H98113 $82 941 1 $a9 996 $6020$a883152741X$9(OLS)http://pul/number/109371 996 $6082$a220.7$9(OLS)http://pul/classification/1816 996 $6245$aLettera agli Ebrei$9(OLS)http://pul/title/80973 996 $6260$aMilano :$bPaoline$9(OLS)http://pul/publisher/60808 LEADER 01415nam a2200313 a 4500 001 000000172044 003 CaOOAMICUS 005 20190613143754.0 008 190613s2018 vc 000 u ita r 020 $a978-88-401-4073-5* 032 $aLibriCat 040 $aPUL$bita 082 $a262.9 100 1 $aCiriello, Caterina.$0(OLS)http://pul/name/110428 245 10$aDonne e cristianizzazione dell'Europa : $bda Gregorio Magno e Bonifacio di Fulda / $cCaterina Ciriello. 260 $aCittą del Vaticano :$bUrbaniana University Press,$c©2018. 300 $a271 p. ;$c24 cm 490 1 $aStudia ;$v71 504 $aInclude riferimenti bibliografici ed indice. 650 4$aDonne nel cristianesimo$yEvo medio.$0(OLS)http://pul/subject/16115 830 0$aStudia (Urbaniana University Press) ;$v71.$0(OLS)http://pul/title/67194 850 $aPUL 852 $aPUL$W1$xSL Diritto Canonico 3$y77$m262. 9 COLL 7.71$j195957$qDDC 21$B200737$CPULBib$Z2$F200737 $H132894 $82 941 1 $a9 996 $6020$a978-88-401-4073-5* $9(OLS)http://pul/number/166182 996 $6082$a262.9$9(OLS)http://pul/classification/369 996 $6245$aDonne e cristianizzazione dell'Europa : $bda Gregorio Magno e Bonifacio di Fulda / $9(OLS)http://pul/title/212924 996 $6260$aCittą del Vaticano :$bUrbaniana University Press$9(OLS)http://pul/publisher/66922